000 00321nam a22001337a 4500
008 181217b xxu||||| |||| 00| 0 eng d
020 _a9780536703200
041 _aeng
080 _27th
_a610.73
100 _a2
101 _aINF
245 _aLife Sciences for Nursing and Health Sciences
_cThomas,V
942 _2udc
_cBK
999 _c53167
_d53167